000 00316pam a2200133 a 4500
020 _c
041 _h
082 _bKAC
100 _aKACHOLE, D. D./SALUNKHE,
245 _a"SAMAJASHASTRIY SHIDDHANT AANEE SANSHODHAN PRAKRIYA
260 _bKAILASH PUBLICATION. AURANGABAD
_c2011
300 _a288
930 _a16659
999 _c119258
_d119258